|
|
|
|
| LEADER |
02010cam a2200493 a 4500 |
| 001 |
nkc20091997553 |
| 003 |
CZ PrNK |
| 005 |
20091210170110.0 |
| 007 |
ta |
| 008 |
091013s2009 xr k erp 000 0 cze d |
| 015 |
|
|
|a cnb001997553
|
| 020 |
|
|
|a 978-80-7043-820-6
|q (brož.) :
|c Kč 259,00
|
| 035 |
|
|
|a (OCoLC)480980627
|
| 040 |
|
|
|a PND008
|b cze
|d OLA001
|d ABA001
|
| 043 |
|
|
|a e-xr---
|
| 072 |
|
7 |
|a 657
|x Účetnictví
|2 Konspekt
|9 4
|
| 072 |
|
7 |
|a 37.016
|x Učební osnovy. Vyučovací předměty. Učebnice
|2 Konspekt
|9 22
|
| 080 |
|
|
|a 657
|2 MRF
|
| 080 |
|
|
|a (437.3)
|2 MRF
|
| 080 |
|
|
|a (075.8)
|2 MRF
|
| 100 |
1 |
|
|a Hinke, Jana,
|d 1978-
|7 mzk2006322708
|4 aut
|
| 245 |
1 |
0 |
|a Sbírka příkladů a případových studií z účetnictví II. /
|c Jana Hinke, Dana Bárková
|
| 250 |
|
|
|a 1. vyd.
|
| 260 |
|
|
|a Plzeň :
|b Západočeská univerzita v Plzni,
|c 2009
|
| 300 |
|
|
|a 300 s. :
|b formuláře ;
|c 21 cm
|
| 500 |
|
|
|a Na obálce pod názvem: Západočeská univerzita v Plzni, Fakulta ekonomická
|
| 500 |
|
|
|a 350 výt.
|
| 500 |
|
|
|a Česko-anglický a anglicko-český terminologický slovník
|
| 504 |
|
|
|a Obsahuje bibliografii a bibliografické odkazy
|
| 521 |
8 |
|
|a Určeno pro studenty 2. roč. FEK
|
| 650 |
0 |
7 |
|a účetnictví
|7 ph116911
|z Česko
|2 czenas
|
| 650 |
0 |
7 |
|a účetnictví
|7 ph116911
|x úlohy
|2 czenas
|
| 650 |
0 |
9 |
|a accounting
|z Czechia
|2 eczenas
|
| 650 |
0 |
9 |
|a accounting
|x problems, exercises, etc
|2 eczenas
|
| 655 |
|
7 |
|a učebnice vysokých škol
|7 fd133772
|2 czenas
|
| 655 |
|
9 |
|a textbooks (higher)
|2 eczenas
|
| 700 |
1 |
|
|a Bárková, Dana,
|d 1962-
|7 mzk2002145217
|4 aut
|
| 710 |
2 |
|
|a Západočeská univerzita.
|b Ekonomická fakulta
|7 kn20010709434
|
| 856 |
4 |
1 |
|u http://www.digitalniknihovna.cz/mzk/uuid/uuid:185a58c0-17ae-11e4-8e0d-005056827e51
|y Digitalizovaný dokument
|x NDK
|
| 910 |
2 |
|
|a BOA001
|b 2-1232.571
|
| 990 |
|
|
|a BK
|
| 995 |
|
|
|a 01
|
| 991 |
|
|
|b 200911
|c NOV
|j 657 HIN
|
| 996 |
6 |
|
|b 2610396085
|c 2-1232.571
|l MZK
|r Sklad / do 1 hodiny
|n 1
|p p.v.
|w 000975035
|u 000010
|a 1
|e BOA001
|j MZK50
|s P
|